000 00559nam a2200241Ia 4500
003 OSt
005 20220924151708.0
006 a|||||r|||| 00| 0
007 ta
008 220923b |||||||| |||| 00| 0 tel d
020 _c20
024 _a338707
037 _cTextual
040 _aARTS
_cARTS
_btel
041 _2tel
_atel
082 _aV1y7N20, 35N1
100 _aBenison
_9224763
245 0 _aMandele
260 _c1991
650 _aHISTORY
942 _hV1y7N20, 35N1
_cTEXL
_2CC
999 _c467415
_d467415